000
00317nam a2200133Ia 4500
008
220204s9999 xx 000 0 und d
082
_a
070.41
_b
BUT
100
_a
Butcher, Judith
245
0
_a
Copy editing
250
_a
Ed.2
260
_a
London
_b
Cambridge University
_c
1983
650
_a
Copy editing
942
_c
BK
999
_c
38064
_d
38064